[Event "Abu Dhabi op 29th"]
[Site "Abu Dhabi"]
[Date "2023.08.17"]
[Round "2"]
[White "Niemann, Hans Moke"]
[Black "Jubin, Jimmy"]
[Result "1-0"]
[WhiteElo "2660"]
[BlackElo "2460"]
[PlyCount "85"]
[EventDate "2023.08.16"]
[EventType "swiss"]
[EventRounds "9"]
[EventCountry "UAE"]
[SourceTitle "EXT 2024"]
[Source "ChessBase"]
[SourceDate "2023.10.10"]
[SourceVersion "1"]
[SourceVersionDate "2023.10.10"]
[SourceQuality "1"]

1. e4 c6 2. d4 d5 3. e5 Bf5 4. Nd2 e6 5. Nb3 Nd7 6. Nf3 Qc7 7. Be2 f6 8. 0-0 0-0-0 9. Bf4 h5 10. Bg3 fxe5 11. dxe5 c5 12. c4 Nb6 13. cxd5 Rxd5 14. Qe1 Be7 15. h4 Nh6 16. a4 Bd3 17. a5 Nd7 18. Nbd4 Bxe2 19. Nxe2 Rf8 20. Nf4 Rxf4 21. Bxf4 Nf5 22. g3 Nb8 23. Qe4 Nc6 24. a6 b5 25. Rfd1 Qd7 26. Rxd5 Qxd5 27. Qxd5 exd5 28. e6 c4 29. Ne5 Ncd4 30. Rd1 b4 31. Be3 Ne2+ 32. Kg2 c3 33. bxc3 Nxc3 34. Rd3 Nxe3+ 35. Rxe3 Kc7 36. Nd3 Kd8 37. Rf3 Ke8 38. Rf7 b3 39. Rxg7 Ne4 40. Ne5 Bf6 41. Rxa7 Bxe5 42. Ra8+ Ke7 43. a7 1-0

[Event "Baku op"]
[Site "Baku"]
[Date "2023.05.10"]
[Round "7"]
[White "Sethuraman, SP."]
[Black "Jubin, Jimmy"]
[Result "1-0"]
[WhiteElo "2639"]
[BlackElo "2455"]
[PlyCount "81"]
[EventDate "2023.05.04"]
[EventType "swiss"]
[EventRounds "9"]
[EventCountry "AZE"]
[SourceTitle "CBM 214 Extra"]
[Source "ChessBase"]
[SourceDate "2023.07.31"]
[SourceVersion "1"]
[SourceVersionDate "2023.07.31"]
[SourceQuality "1"]

1. e4 c6 2. d4 d5 3. e5 Bf5 4. Nd2 e6 5. Nb3 Nd7 6. Nf3 h6 7. Be2 Ne7 8. 0-0 g5 9. a4 Bg7 10. a5 f6 11. exf6 Bxf6 12. Ne5 Nxe5 13. dxe5 Bxe5 14. Bh5+ Bg6 15. Re1 Qd6 16. Be3 d4 17. Bxd4 Bxd4 18. Nxd4 0-0-0 19. Nxe6 Qxd1 20. Bxd1 Rd2 21. a6 Nd5 22. Nc5 Bxc2 23. axb7+ Kb8 24. Bg4 Rd8 25. Bc8 Nb4 26. Rxa7 Kxa7 27. Ra1+ Kb6 28. Nd7+ R2xd7 29. b8Q+ Kc5 30. Qe5+ Rd5 31. Qc3+ Kb5 32. Ba6+ Nxa6 33. Qa5+ Kc4 34. Qc3+ Kb5 35. Qxc2 Rd4 36. Qb3+ Nb4 37. Qa4+ Kc5 38. Qa5+ Kc4 39. Rc1+ Kd3 40. Qe5 Nc2 41. Qf5+ 1-0

[Event "Budapest SixDays 11 GM"]
[Site "Budapest"]
[Date "2022.11.29"]
[Round "3"]
[White "Jubin, Jimmy"]
[Black "Krishnan, Varun"]
[Result "1/2-1/2"]
[WhiteElo "2307"]
[BlackElo "2373"]
[PlyCount "78"]
[EventDate "2022.11.28"]
[EventType "tourn"]
[EventRounds "9"]
[EventCountry "HUN"]
[EventCategory "7"]
[SourceTitle "CBM 211 Extra"]
[Source "ChessBase"]
[SourceDate "2023.01.31"]
[SourceVersion "1"]
[SourceVersionDate "2023.01.31"]
[SourceQuality "1"]

1. d4 d5 2. c4 e6 3. Nf3 Nf6 4. g3 dxc4 5. Bg2 a6 6. 0-0 Nc6 7. Nbd2 Nxd4 8. Nxc4 Nxf3+ 9. Bxf3 Qxd1 10. Rxd1 Be7 11. Na5 Nd5 12. e4 Nb4 13. Bf4 b6 14. e5 Nd5 15. Rxd5 exd5 16. Bxd5 bxa5 17. Bxa8 0-0 18. Bc6 Rd8 19. Rc1 Be6 20. b3 Ba3 21. Rc2 Bf5 22. Re2 Rd1+ 23. Kg2 Bd3 24. Rd2 Rxd2 25. Bxd2 Bb4 26. Be3 a4 27. bxa4 Bc4 28. f4 Bxa2 29. f5 Bc3 30. Bf4 g5 31. Bxg5 Bxe5 32. f6 Bb1 33. g4 Bc2 34. h3 Bc3 35. Kg3 Bd1 36. Kf2 h5 37. gxh5 Bxh5 38. h4 Kh7 39. Ke3 Bg6 1/2-1/2

[Event "Budapest Vezerkepzo GM-A 11"]
[Site "Budapest"]
[Date "2022.11.23"]
[Round "7"]
[White "Namitbir, Singh Walia"]
[Black "Jubin, Jimmy"]
[Result "1/2-1/2"]
[WhiteElo "2339"]
[BlackElo "2307"]
[PlyCount "76"]
[EventDate "2022.11.17"]
[EventType "tourn"]
[EventRounds "11"]
[EventCountry "HUN"]
[EventCategory "6"]
[SourceTitle "CBM 211 Extra"]
[Source "ChessBase"]
[SourceDate "2023.01.31"]
[SourceVersion "1"]
[SourceVersionDate "2023.01.31"]
[SourceQuality "1"]

1. e4 c6 2. d4 d5 3. Nd2 dxe4 4. Nxe4 Nf6 5. Nxf6+ exf6 6. c3 Bd6 7. Bd3 0-0 8. Ne2 Re8 9. 0-0 Nd7 10. Ng3 Nf8 11. f4 Qc7 12. f5 Bxg3 13. hxg3 c5 14. Qg4 cxd4 15. cxd4 Kh8 16. Qh4 Qb6 17. Bc4 Bd7 18. b3 Bc6 19. Bb2 Qa5 20. Rf2 Bd5 21. Bxd5 Qxd5 22. Rc1 Nd7 23. Qf4 Re4 24. Qf3 Nb6 25. Rc5 Re1+ 26. Rf1 Rxf1+ 27. Kxf1 Qd7 28. Kg1 Rd8 29. Rc2 Nd5 30. Re2 h6 31. Kh2 b6 32. Re4 Qd6 33. Qh5 Qc7 34. Qe2 Qd7 35. Qf3 Rc8 36. Re2 Ne7 37. Rf2 Rd8 38. Qh5 Nd5 1/2-1/2

[Event "Budapest Vezerkepzo GM-A 11"]
[Site "Budapest"]
[Date "2022.11.22"]
[Round "6"]
[White "Jubin, Jimmy"]
[Black "Nitish, Belurkar"]
[Result "1-0"]
[WhiteElo "2307"]
[BlackElo "2435"]
[PlyCount "77"]
[EventDate "2022.11.17"]
[EventType "tourn"]
[EventRounds "11"]
[EventCountry "HUN"]
[EventCategory "6"]
[SourceTitle "CBM 211 Extra"]
[Source "ChessBase"]
[SourceDate "2023.01.31"]
[SourceVersion "1"]
[SourceVersionDate "2023.01.31"]
[SourceQuality "1"]

1. d4 Nf6 2. c4 e6 3. g3 d5 4. Bg2 Be7 5. Nf3 0-0 6. 0-0 dxc4 7. Qc2 b6 8. Bg5 Nd5 9. Bxe7 Qxe7 10. Nbd2 Bb7 11. Nxc4 Nd7 12. Nce5 Rfc8 13. Nxd7 Qxd7 14. Ng5 g6 15. Ne4 Qe7 16. Qb3 Rd8 17. Rfd1 a5 18. Qf3 a4 19. a3 Ra5 20. Qd3 Rd7 21. Qd2 Kg7 22. Nc5 Rxc5 23. dxc5 Qxc5 24. Qd4+ Qxd4 25. Rxd4 Bc6 26. Rad1 f5 27. e3 Kf6 28. Rc1 Rd6 29. h3 h5 30. g4 hxg4 31. hxg4 Ke7 32. g5 Be8 33. Rh4 c5 34. Rh7+ Bf7 35. Rd1 b5 36. e4 fxe4 37. Bxe4 Kf8 38. Rd3 Kg8 39. Rdh3 1-0

[Event "Budapest Vezerkepzo GM-A 11"]
[Site "Budapest"]
[Date "2022.11.21"]
[Round "4"]
[White "Jubin, Jimmy"]
[Black "Sattarov, Bobir"]
[Result "0-1"]
[WhiteElo "2307"]
[BlackElo "2433"]
[PlyCount "78"]
[EventDate "2022.11.17"]
[EventType "tourn"]
[EventRounds "11"]
[EventCountry "HUN"]
[EventCategory "6"]
[SourceTitle "CBM 211 Extra"]
[Source "ChessBase"]
[SourceDate "2023.01.31"]
[SourceVersion "1"]
[SourceVersionDate "2023.01.31"]
[SourceQuality "1"]

1. d4 Nf6 2. c4 e6 3. g3 d5 4. Bg2 Be7 5. Nf3 0-0 6. 0-0 dxc4 7. Qc2 b6 8. Nbd2 Bb7 9. Nxc4 Be4 10. Qd1 Nbd7 11. b3 c5 12. Bb2 Qb8 13. dxc5 Nxc5 14. Qe1 Qb7 15. Rd1 Rfd8 16. Nce5 a5 17. Rxd8+ Rxd8 18. Qa1 Qa6 19. Re1 h6 20. Bf1 a4 21. Nd4 a3 22. Bc1 Qa8 23. Nc4 Ncd7 24. Nb5 Bb4 25. Rd1 Bc2 26. Bxa3 Bxd1 27. Bxb4 Bxb3 28. Nca3 Bd5 29. Bc3 Re8 30. f3 Qa4 31. Qb2 Ra8 32. e4 Bc6 33. Bb4 Ne5 34. Kg2 Rd8 35. Be7 Nxf3 36. Bxd8 Qxe4 37. Bxf6 Ne5+ 38. Kg1 Qh1+ 39. Kf2 Qxh2+ 0-1

[Event "Budapest Vezerkepzo GM-A 11"]
[Site "Budapest"]
[Date "2022.11.19"]
[Round "3"]
[White "Song, Edward"]
[Black "Jubin, Jimmy"]
[Result "0-1"]
[WhiteElo "2362"]
[BlackElo "2307"]
[PlyCount "134"]
[EventDate "2022.11.17"]
[EventType "tourn"]
[EventRounds "11"]
[EventCountry "HUN"]
[EventCategory "6"]
[SourceTitle "CBM 211 Extra"]
[Source "ChessBase"]
[SourceDate "2023.01.31"]
[SourceVersion "1"]
[SourceVersionDate "2023.01.31"]
[SourceQuality "1"]

1. e4 c6 2. Nf3 d5 3. d3 dxe4 4. dxe4 Qxd1+ 5. Kxd1 Bg4 6. Be2 Nd7 7. Ne1 Bxe2+ 8. Kxe2 e5 9. Nd3 Nc5 10. Nxc5 Bxc5 11. Nd2 0-0-0 12. f3 Ne7 13. Nc4 f6 14. a4 Kc7 15. c3 Nc8 16. b4 Be7 17. Be3 Rd7 18. Rhd1 Rhd8 19. Rxd7+ Rxd7 20. h4 Kd8 21. Rg1 Ke8 22. g4 Rc7 23. Kd3 a6 24. Na5 Rd7+ 25. Ke2 Nd6 26. Bc5 Nf7 27. Nb3 h6 28. Be3 Nd8 29. Nc1 Ne6 30. Nd3 Rd8 31. Rb1 Ra8 32. Kd2 Kd7 33. h5 Kc8 34. Kc2 Kc7 35. Nc1 a5 36. Kb3 b5 37. Ra1 axb4 38. cxb4 c5 39. a5 c4+ 40. Kc3 Kc6 41. Ra2 Rd8 42. Rd2 Rxd2 43. Bxd2 Nd4 44. f4 Nf3 45. Be3 Nd4 46. Bd2 Bd6 47. f5 Be7 48. Na2 Ne2+ 49. Kc2 Ng3 50. Be3 Nxe4 51. Nc3 Nd6 52. Bc5 Nc8 53. Bxe7 Nxe7 54. Kd2 Nd5 55. Nxd5 Kxd5 56. Kc3 e4 57. Kc2 e3 58. Kc3 Ke4 59. a6 Kf3 60. a7 e2 61. a8Q+ Kf2 62. Qa7+ Kf1 63. Kd4 e1Q 64. Kd5 c3 65. Qa3 c2 66. Qd3+ Qe2 67. Qh3+ Qg2+ 0-1

[Event "Bayern-chI Bank Hofmann 25th"]
[Site "Tegernsee"]
[Date "2022.11.12"]
[Round "8"]
[White "Jubin, Jimmy"]
[Black "Royal, Shreyas"]
[Result "1/2-1/2"]
[WhiteElo "2307"]
[BlackElo "2435"]
[PlyCount "82"]
[EventDate "2022.11.05"]
[EventType "swiss"]
[EventRounds "9"]
[EventCountry "GER"]
[SourceTitle "CBM 211 Extra"]
[Source "ChessBase"]
[SourceDate "2023.01.31"]
[SourceVersion "1"]
[SourceVersionDate "2023.01.31"]
[SourceQuality "1"]

1. d4 Nf6 2. c4 e6 3. g3 d5 4. Bg2 Bb4+ 5. Nd2 0-0 6. Ngf3 b6 7. 0-0 Bb7 8. a3 Be7 9. cxd5 exd5 10. Ne5 c5 11. Ndf3 Nbd7 12. Bf4 Ne4 13. Rc1 Nxe5 14. Nxe5 Bd6 15. Bxe4 dxe4 16. dxc5 Bxc5 17. Nd7 e3 18. Nxc5 exf2+ 19. Kxf2 bxc5 20. Qxd8 Raxd8 21. Rfd1 f6 22. Rxd8 Rxd8 23. Rxc5 Rd7 24. Rc7 Rxc7 25. Bxc7 Kf7 26. Ke3 Ke6 27. Kd4 Bc6 28. Kc5 Kd7 29. Bd6 a6 30. Bf8 g6 31. Kb6 Bb5 32. e4 Ke6 33. Bg7 Ke5 34. b3 Kxe4 35. Bxf6 Kf5 36. Bg7 Kg4 37. Bh6 Kh3 38. Bf4 h5 39. a4 Be2 40. b4 Kxh2 41. g4+ Kh3 1/2-1/2

[Event "Bayern-chI Bank Hofmann 25th"]
[Site "Tegernsee"]
[Date "2022.11.07"]
[Round "3"]
[White "Gkavardinas, Antonios"]
[Black "Jubin, Jimmy"]
[Result "0-1"]
[WhiteElo "2023"]
[BlackElo "2307"]
[PlyCount "72"]
[EventDate "2022.11.05"]
[EventType "swiss"]
[EventRounds "9"]
[EventCountry "GER"]
[SourceTitle "CBM 211 Extra"]
[Source "ChessBase"]
[SourceDate "2023.01.31"]
[SourceVersion "1"]
[SourceVersionDate "2023.01.31"]
[SourceQuality "1"]

1. e4 c6 2. d4 d5 3. Nc3 dxe4 4. Nxe4 Nf6 5. Nxf6+ exf6 6. c3 Bd6 7. Bd3 0-0 8. Ne2 Re8 9. Qc2 h5 10. 0-0 h4 11. h3 Nd7 12. Bd2 Nf8 13. Rae1 Bc7 14. f4 g6 15. c4 Ne6 16. Be3 Ng7 17. Bf2 Bf5 18. Kh1 Bxd3 19. Qxd3 Nf5 20. Qf3 Qd6 21. d5 Bb6 22. dxc6 bxc6 23. Kh2 Bxf2 24. Qxf2 Qd2 25. Nc3 Qxf2 26. Rxe8+ Rxe8 27. Rxf2 Ng3 28. Rf3 Re1 29. Rxg3 hxg3+ 30. Kxg3 Rc1 31. Ne4 Rxc4 32. Nxf6+ Kg7 33. Ne8+ Kf8 34. Nd6 Rc2 35. Nc8 a5 36. Na7 Ke8 0-1

[Event "Abu Dhabi Masters 28th"]
[Site "Abu Dhabi"]
[Date "2022.08.19"]
[Round "4"]
[White "Jubin, Jimmy"]
[Black "Song, Julien"]
[Result "1-0"]
[WhiteElo "2252"]
[BlackElo "2384"]
[PlyCount "97"]
[EventDate "2022.08.17"]
[EventType "swiss"]
[EventRounds "9"]
[EventCountry "UAE"]
[SourceTitle "CBM 209 Extra"]
[Source "ChessBase"]
[SourceDate "2022.09.30"]
[SourceVersion "1"]
[SourceVersionDate "2022.09.30"]
[SourceQuality "1"]

1. d4 Nf6 2. c4 e6 3. g3 d5 4. Nf3 Be7 5. Bg2 0-0 6. 0-0 dxc4 7. Qc2 a6 8. a4 Bd7 9. Qxc4 Bc6 10. Nc3 b5 11. Qd3 b4 12. Nb1 Be4 13. Qd1 Nbd7 14. Bg5 c5 15. Nbd2 Bd5 16. Rc1 Rc8 17. dxc5 Nxc5 18. Be3 Qa5 19. Bxc5 Bxc5 20. Ne1 Ba7 21. Rxc8 Rxc8 22. Nd3 h5 23. Bxd5 Qxd5 24. Qb3 Qxb3 25. Nxb3 Rc2 26. Rc1 Rxc1+ 27. Nbxc1 a5 28. Nb3 Bb6 29. Ne5 Ne4 30. Nc4 Bxf2+ 31. Kg2 f5 32. Ncxa5 Kf7 33. Nc6 Bc5 34. a5 Ke8 35. a6 Bb6 36. a7 Bxa7 37. Nxa7 Nd6 38. Nc5 Kf7 39. Nc6 b3 40. Ne5+ Kf6 41. Ned7+ Ke7 42. Nb6 e5 43. Nxb3 g5 44. Nc5 e4 45. Nd5+ Kf7 46. b4 Kg6 47. h4 f4 48. gxf4 gxf4 49. Nxf4+ 1-0

[Event "Titled Tuesday intern op 05th Jul Early"]
[Site "Chess.com INT"]
[Date "2022.07.05"]
[Round "3"]
[White "Jubin, Jimmy"]
[Black "Vlassov, Nikolai"]
[Result "1-0"]
[WhiteElo "2252"]
[BlackElo "2283"]
[PlyCount "65"]
[EventDate "2022.07.05"]
[EventType "swiss (blitz)"]
[EventRounds "11"]
[EventCountry "USA"]
[SourceTitle "CBM 209 Extra"]
[Source "ChessBase"]
[SourceDate "2022.09.30"]
[SourceVersion "1"]
[SourceVersionDate "2022.09.30"]
[SourceQuality "1"]

1. d4 Nf6 2. c4 Nc6 3. Nf3 e6 4. Nc3 Bb4 5. Qc2 d6 6. Bd2 0-0 7. a3 Bxc3 8. Bxc3 Qe7 9. g3 e5 10. d5 Nb8 11. Bg2 c6 12. dxc6 Nxc6 13. 0-0 Be6 14. b3 a5 15. a4 Nd7 16. Rfd1 Nc5 17. Ne1 Rfd8 18. Nd3 f6 19. Nxc5 dxc5 20. Bxc6 bxc6 21. Qe4 Qc7 22. f4 Bf7 23. fxe5 Bg6 24. Qe3 Rxd1+ 25. Rxd1 Bc2 26. Rd2 Bxb3 27. e6 Bxc4 28. Rd7 Qb6 29. Rxg7+ Kf8 30. Rf7+ Ke8 31. Rxf6 Qb7 32. Qxc5 Qa7 33. Rf8# 1-0

[Event "Titled Tuesday intern op 28th Jun Early"]
[Site "Chess.com INT"]
[Date "2022.06.28"]
[Round "1"]
[White "Jubin, Jimmy"]
[Black "Urbina Perez, Juan Antonio"]
[Result "1-0"]
[WhiteElo "2259"]
[BlackElo "2274"]
[PlyCount "117"]
[EventDate "2022.06.28"]
[EventType "swiss (blitz)"]
[EventRounds "11"]
[EventCountry "USA"]
[SourceTitle "CBM 209 Extra"]
[Source "ChessBase"]
[SourceDate "2022.09.30"]
[SourceVersion "1"]
[SourceVersionDate "2022.09.30"]
[SourceQuality "1"]

1. d4 Nf6 2. c4 e6 3. Nc3 Bb4 4. Qc2 d5 5. cxd5 Qxd5 6. Nf3 Qf5 7. Qb3 c5 8. a3 Ba5 9. Qc4 Nbd7 10. b4 cxb4 11. axb4 Bb6 12. e3 0-0 13. Bd3 Qg4 14. 0-0 Re8 15. e4 e5 16. h3 Qg6 17. d5 Nf8 18. Be2 Nh5 19. Na4 Nf4 20. Bxf4 exf4 21. Nxb6 Qxb6 22. Qc5 Qg6 23. Bd3 Bxh3 24. Nh4 Qg4 25. Kh2 Ng6 26. gxh3 Qxh4 27. Rg1 Ne5 28. Be2 f3 29. Bb5 Rec8 30. Qd4 Qf4+ 31. Rg3 a6 32. d6 h5 33. Kh1 h4 34. Rgg1 axb5 35. d7 Rd8 36. Rxa8 Rxa8 37. d8Q+ Rxd8 38. Qxd8+ Kh7 39. Qg5 Qxg5 40. Rxg5 f6 41. Rg1 g5 42. Rd1 Kg6 43. Rd5 b6 44. Rxb5 Nd3 45. Kg1 Nf4 46. Rxb6 Nxh3+ 47. Kf1 Nf4 48. Rb8 h3 49. Kg1 Ne2+ 50. Kh2 g4 51. Rg8+ Kh5 52. b5 Nf4 53. b6 Nd3 54. b7 Nxf2 55. b8Q Nxe4 56. Qe8+ Kh4 57. Qxe4 f5 58. Qf4 f2 59. Qh6# 1-0